TB. OF PREVENTIVE AND SOCIAL MEDICINE (Record no. 11146)

MARC details
000 -LEADER
fixed length control field 00328nam a22001457a 4500
003 - CONTROL NUMBER IDENTIFIER
control field SGT
082 ## - DEWEY DECIMAL CLASSIFICATION NUMBER
Classification number 610.734
Item number P13M
100 ## - MAIN ENTRY--PERSONAL NAME
Personal name MAHANAN, B.K.
245 ## - TITLE STATEMENT
Title TB. OF PREVENTIVE AND SOCIAL MEDICINE
250 ## - EDITION STATEMENT
Edition statement 4TH
260 ## - PUBLICATION, DISTRIBUTION, ETC. (IMPRINT)
Place of publication, distribution, etc INDIA
Name of publisher, distributor, etc JAYPEE
Year of Publication 2013
300 ## - PAGE DESCRIPTION
No. of Pages 703
650 ## - SUBJECT ADDED ENTRY--TOPICAL TERM
Topical term or geographic name as entry element COMMUNITY MEDICINE
942 ## - ADDED ENTRY ELEMENTS (KOHA)
Source of classification or shelving scheme Dewey Decimal Classification
Koha item type Books
942 ## - ADDED ENTRY ELEMENTS (KOHA)
-- 1
Holdings
Withdrawn status Lost status Source of classification or shelving scheme Damaged status Not for loan Collection code Home library Current library Shelving location Date acquired Vendor Name Cost, normal purchase price SGTU Bill Number Total Checkouts Full call number Accession No. (Barcode) Date last seen Bill Date Koha item type Date last borrowed
    Dewey Decimal Classification     NURSING SGT Medical Library SGT Medical Library Text Book 08/03/2017 ABC 895.00 SGTU 7429   610.734 P13M FN3571 08/03/2017 04/11/2016 Books  
    Dewey Decimal Classification     NURSING SGT Medical Library SGT Medical Library Text Book 08/03/2017 ABC 895.00 SGTU 7429 1 610.734 P13M FN3572 07/11/2023 04/11/2016 Books 23/10/2023
    Dewey Decimal Classification     NURSING SGT Medical Library SGT Medical Library Text Book 08/03/2017 ABC 895.00 SGTU 7429   610.734 P13M FN3573 08/03/2017 04/11/2016 Books  
    Dewey Decimal Classification     NURSING SGT Medical Library SGT Medical Library Text Book 08/03/2017 ABC 895.00 SGTU 7429 2 610.734 P13M FN3574 18/09/2018 04/11/2016 Books 04/09/2018
    Dewey Decimal Classification     NURSING SGT Medical Library SGT Medical Library Text Book 08/03/2017 ABC 895.00 SGTU 7429   610.734 P13M FN3575 08/03/2017 04/11/2016 Books